The Seven Sayings of Jesus on the Cross - Statistics

General Stats
  • This quiz has been taken 419 times
  • The average score is 27 of 40
Answer Stats
Answer % Correct
for
95%
I
92%
thou
89%
do
88%
Father
88%
forgive
88%
what
88%
not
87%
them
87%
know
86%
thee
86%
they
86%
me
85%
why
80%
hast
78%
my
77%
God
76%
forsaken
72%
in
70%
be
67%
is
66%
unto
65%
it
62%
thy
62%
shalt
61%
finished
57%
with
56%
paradise
53%
son
52%
spirit
51%
thirst
49%
hands
47%
mother
47%
say
46%
into
42%
today
42%
verily
36%
commend
35%
behold
32%
woman
30%
No matching quizzes found
Score Distribution
Percent of People with Each Score
Percentile by Number Answered
Your Score History
You have not taken this quiz